000
00337 a2200157 4500
001
62084
020
_a
8570564341
040
_c
Anchieta - Pituba
100
_a
Silva, Antônio de Pádua e
240
1
0
_a
Selva e Chuva
_l
por
245
1
0
_a
Selva e Chuva
300
_a
90
362
0
_a
1992
650
4
_a
Literatura juvenil
942
_c
BK
999
_c
62084
_d
62084